| 000 -LEADER |
| fixed length control field |
00320nam a22001217a 4500 |
| 008 - FIXED-LENGTH DATA ELEMENTS--GENERAL INFORMATION |
| fixed length control field |
250312b ||||| |||| 00| 0 eng d |
| 020 ## - INTERNATIONAL STANDARD BOOK NUMBER |
| International Standard Book Number |
9780008652067 |
| 082 ## - DEWEY DECIMAL CLASSIFICATION NUMBER |
| Classification number |
930 NAT |
| 100 ## - MAIN ENTRY--PERSONAL NAME |
| Personal name |
NATIONAL GEOGRAPHIC |
| Relator term |
AUTHOR |
| 245 ## - TITLE STATEMENT |
| Title |
HISTORY |
| 260 ## - PUBLICATION, DISTRIBUTION, ETC. |
| Place of publication, distribution, etc. |
WESTERHILL ROAD BISHOP BRIGGS,GLASGLOW G64 2QT |
| Name of publisher, distributor, etc. |
COLLINS |
| 942 ## - ADDED ENTRY ELEMENTS (KOHA) |
| Source of classification or shelving scheme |
|